LEADER 01426nam2 2200277 i 450 001 SUN0075652 005 20150211105137.387 100 $a20100611d1987 |0itac50 ba 101 $aita 102 $aIT 105 $a|||| ||||| 200 1 $aˆ4: ‰Commento e giurisprudenza dall'art. 900 al 1031, grafici dal n. 942 al n. 1315$edelle luci e vedute (in generale) ...$fVincenzo Rizzi, Luigi Rizzi 205 $a7. ed. con note di aggiornamento 210 $aBologna$cZanichelli$d1987 215 $a610 p.$d25 cm. - Fondo Tribunale. 461 1$1001SUN0075638$12001 $a*Diritti, limitazioni, servitù prediali della proprietà nel vigente Codice civile$fVincenzo Rizzi, Luigi Rizzi$v4$1205 $a7. ed. con note di aggiornamento$1210 $aBologna$cZanichelli$d1987$1215 $a5 volumi$d25 cm. 620 $dBologna$3SUNL000003 700 1$aRizzi$b, Luigi$3SUNV004363$03781 701 1$aRizzi$b, Vincenzo$3SUNV007468$03782 712 $aZanichelli$3SUNV004332$4650 801 $aIT$bSOL$c20181109$gRICA 912 $aSUN0075652 950 $aUFFICIO DI BIBLIOTECA DEL DIPARTIMENTO DI GIURISPRUDENZA$d00 CONS XV.D.107 (4) $e00 FT 35433 995 $aUFFICIO DI BIBLIOTECA DEL DIPARTIMENTO DI GIURISPRUDENZA$gFT$h35433$kCONS XV.D.107 (4)$op$qa 996 $aCommento e giurisprudenza dall'art. 900 al 1031, grafici dal n. 942 al n. 1315$91436010 997 $aUNICAMPANIA LEADER 03512nam 22006972 450 001 9910784346503321 005 20160421113223.0 010 $a1-107-16577-6 010 $a1-280-48007-6 010 $a0-511-22063-4 010 $a0-511-22124-X 010 $a0-511-21927-X 010 $a0-511-53594-5 010 $a0-511-31695-X 010 $a0-511-21995-4 024 3 $z9780521854245 035 $a(CKB)1000000000352401 035 $a(EBL)261130 035 $a(OCoLC)560227629 035 $a(SSID)ssj0000139824 035 $a(PQKBManifestationID)11144879 035 $a(PQKBTitleCode)TC0000139824 035 $a(PQKBWorkID)10029384 035 $a(PQKB)11275982 035 $a(UkCbUP)CR9780511535949 035 $a(MiAaPQ)EBC261130 035 $a(Au-PeEL)EBL261130 035 $a(CaPaEBR)ebr10130439 035 $a(CaONFJC)MIL48007 035 $a(PPN)261366181 035 $a(EXLCZ)991000000000352401 100 $a20090430d2006|||| uy| 0 101 0 $aeng 135 $aur||||||||||| 181 $ctxt$2rdacontent 182 $cc$2rdamedia 183 $acr$2rdacarrier 200 10$aDiscrete inverse and state estimation problems $ewith geophysical fluid applications /$fCarl Wunsch$b[electronic resource] 210 1$aCambridge :$cCambridge University Press,$d2006. 215 $a1 online resource (xi, 371 pages) $cdigital, PDF file(s) 300 $aTitle from publisher's bibliographic system (viewed on 05 Oct 2015). 311 $a1-107-40606-4 311 $a0-521-85424-5 320 $aIncludes bibliographical references and index. 327 $aFundamental machinery -- Basic machinery -- Extensions of methods -- The time-dependent inverse problem : state estimation -- Time-dependent methods 2 -- Applications to steady problems -- Applications to time-dependent fluid problems. 330 $aThe problems of making inferences about the natural world from noisy observations and imperfect theories occur in almost all scientific disciplines. This 2006 book addresses these problems using examples taken from geophysical fluid dynamics. It focuses on discrete formulations, both static and time-varying, known variously as inverse, state estimation or data assimilation problems. Starting with fundamental algebraic and statistical ideas, the book guides the reader through a range of inference tools including the singular value decomposition, Gauss-Markov and minimum variance estimates, Kalman filters and related smoothers, and adjoint (Lagrange multiplier) methods. The final chapters discuss a variety of practical applications to geophysical flow problems. Discrete Inverse and State Estimation Problems is an ideal introduction to the topic for graduate students and researchers in oceanography, meteorology, climate dynamics, and geophysical fluid dynamics. It is also accessible to a wider scientific audience; the only prerequisite is an understanding of linear algebra. 517 3 $aDiscrete Inverse & State Estimation Problems 606 $aOceanography$xMathematical models 606 $aEstimation theory 606 $aGeophysics$xFluid models 615 0$aOceanography$xMathematical models. 615 0$aEstimation theory. 615 0$aGeophysics$xFluid models. 676 $a551.4601519287 700 $aWunsch$b Carl$0633621 801 0$bUkCbUP 801 1$bUkCbUP 906 $aBOOK 912 $a9910784346503321 996 $aDiscrete inverse and state estimation problems$91211833 997 $aUNINA